Personnages de La Belle au bois dormant - Statistiques

Statistiques générales
  • Ce quiz a été pris 34 fois
    16 depuis la dernière actualisation
  • Le résultat moyen est 7 sur 10
Statistiques - réponses
Peronnages % Correct
Aurore
100%
Maléfique
100%
Pimprenelle
100%
Flora
90%
Pâquerette
90%
Prince Philippe
90%
Roi Stéphane
70%
Le Roi Hubert
60%
Diablo
20%
La Reine Orhiane
20%
Aucun quiz correspondant
Distribution des résultats
% des personnes avec chaque résultat
Percentile par nombre de réponses
Votre historique - résultats
Vous n’avez pas pris ce quiz depuis la dernière actualisation